Tous les adversaires du Montpellier HR en Coupe d'Europe. - Statistiques

Statistiques générales
  • Ce quiz a été pris 46 fois
    30 depuis la dernière actualisation
  • Le résultat moyen est 14 sur 23
Statistiques - réponses
Équipes Matches Victoires Nuls Défaites Différence % Correct
64957f49c3-450.webp Leinster 8 1 1 6 -189
100%
5611b25305-450.webp Stade toulousain 4 1 0 3 -28
96%
5611b25305-450.webp Stade rochelais 1 0 0 1 -12
85%
8d2f7f543b-235.webp Leicester Tigers 2 0 0 2 -10
85%
5611b25305-450.webp RC Toulon 4 2 0 2 10
81%
5611b25305-450.webp Castres olympique 2 1 0 1 12
74%
8d2f7f543b-235.webp Sale Sharks 2 2 0 0 36
70%
5611b25305-450.webp ASM Clermont 1 0 0 1 -22
67%
64957f49c3-450.webp Ulster 2 0 0 2 -28
63%
8d2f7f543b-235.webp Northampton Saints 2 1 0 1 7
63%
Flag_of_Italy.svg Benetton Trévise 2 2 0 0 35
59%
8d2f7f543b-235.webp Harlequins 2 1 0 1 1
59%
8d2f7f543b-235.webp Bath Rugby 4 1 0 3 -46
56%
8d2f7f543b-235.webp Exeter Chiefs 5 1 1 3 -59
52%
8d2f7f543b-235.webp London Wasps 1 0 0 1 -19
52%
Flag_of_Scotland.svg Glasgow Warriors 6 2 1 3 -1
48%
0b677ce993-450.webp Ospreys 2 0 0 2 -17
48%
8d2f7f543b-235.webp London Irish 2 1 1 0 5
48%
Flag_of_Scotland.svg Edinburgh Rugby 2 1 0 1 -3
44%
0b677ce993-450.webp Cardiff Blues 2 2 0 0 24
41%
64957f49c3-450.webp Connacht 2 1 0 1 3
41%
8d2f7f543b-235.webp Gloucester RFC 2 1 0 1 -20
41%
8d2f7f543b-235.webp Newcastle Falcons 2 1 0 1 34
26%
Aucun quiz correspondant
Distribution des résultats
% des personnes avec chaque résultat
Percentile par nombre de réponses
Votre historique - résultats
Vous n’avez pas pris ce quiz depuis la dernière actualisation